XML data management (Record no. 6329)

000 -LEADER
fixed length control field 00531 a2200169 4500
020 ## - INTERNATIONAL STANDARD BOOK NUMBER
International Standard Book Number 0201844524
040 ## - CATALOGING SOURCE
Original cataloging agency DLC
Language of cataloging DLC
100 1# - MAIN ENTRY--PERSONAL NAME
Personal name Chaudhri, Akmal B.
245 10 - TITLE STATEMENT
Title XML data management
Statement of responsibility, etc. Akmal B. Chaudhri, Awais Rashid, Roberto Zicari
260 ## - PUBLICATION, DISTRIBUTION, ETC.
Place of publication, distribution, etc. Boston, MA :
Name of publisher, distributor, etc. Addison Wesley Professional,
Date of publication, distribution, etc. 2003.
300 ## - PHYSICAL DESCRIPTION
Extent xxxvi, 641 p. :
Other physical details ill. ;
Dimensions 24 cm.
650 #0 - SUBJECT ADDED ENTRY--TOPICAL TERM
Topical term or geographic name entry element Database management.
650 #0 - SUBJECT ADDED ENTRY--TOPICAL TERM
Topical term or geographic name entry element XML (Document markup language)
700 1# - ADDED ENTRY--PERSONAL NAME
Personal name Rashid, Awais.
700 1# - ADDED ENTRY--PERSONAL NAME
Personal name Zicari, Roberto.
942 ## - ADDED ENTRY ELEMENTS (KOHA)
Institution code [OBSOLETE] SEEC
Koha item type Book
Call number prefix 005.72 AKM
Source of classification or shelving scheme
Holdings
Withdrawn status Lost status Damaged status Not for loan Collection code Permanent Location Current Location Shelving location Date acquired Source of acquisition Cost, normal purchase price Total Checkouts Full call number Barcode Date last seen Price effective from Koha item type
          Central Library (CL) Central Library (CL) First Floor - Operating System/ Data Structure 12/06/2007 Progressive International Agencies 3191.00   005.72 AKM SEECS008773 11/14/2012 01/05/2017 Book
© 2023 Central Library, National University of Sciences and Technology. All Rights Reserved.